00249nam a2200109Ia 4500008004100000100001800041245003200059250000900091260002300100300000800123650000800131191201s2004 xx 000 0 und d aAGGARWAL, R D 0aOrganization and Management a24th aN.DelhibTMHc2004 a708 aMBA